|
|
|
|
| LEADER |
00000nam a2200000 a 4500 |
| 001 |
UCJ2341 |
| 003 |
CL-VaPUC |
| 005 |
20230816111617.0 |
| 008 |
061207e20050000SP |||||||||||||||||spa|d |
| 999 |
|
|
|c 318670
|d 318668
|
| 020 |
|
|
|a 8420010553
|
| 040 |
|
|
|c Pontificia Universidad Católica de Valparaíso
|
| 082 |
0 |
4 |
|a 589.95
|b BEL
|2 21
|
| 100 |
0 |
|
|a Bell, Chris
|e author
|9 503341
|
| 245 |
1 |
0 |
|a Clostridium botulinum: una aproximación práctica al microorganismo y su control en los alimentos
|
| 260 |
|
|
|a Zaragoza
|b Acribia
|c 2005
|
| 300 |
|
|
|a 277 p
|
| 583 |
|
|
|a last modification
|c 20061207 00:00:00
|k Rodrigo Vera
|
| 650 |
|
0 |
|a Enfermedades de origen alimentario
|9 545928
|x ETA (Enfermedad de transmisión alimentaria)
|
| 650 |
|
0 |
|a Botulismo
|9 884022
|
| 650 |
|
0 |
|a Clostridium botulinum
|9 884023
|
| 650 |
|
0 |
|a Microbiología alimentaria
|9 259564
|
| 650 |
|
0 |
|a Alimentos
|x Análisis
|9 256203
|
| 700 |
0 |
|
|a Kyriakides, Alec
|e author
|9 503342
|
| 942 |
|
|
|c BK
|2 ddc
|
| 945 |
|
|
|d 20061207 00:00:00
|a jtorresc
|
| 952 |
|
|
|0 0
|1 0
|4 0
|6 589_950000000000000_BEL_2005
|7 0
|8 A
|9 396654
|a BIBALI
|b BIBALI
|d 2019-11-22
|i 4304446
|o 589.95 BEL 2005
|p 4304446
|r 2025-01-20
|w 2019-11-22
|y BK
|k ALI
|